00410cam a22001574a 4500020001500000040000800015082002600023245004300049250001200092260003200104300002500136650002900161650002000190700002200210700002000232 a0393924068 cDLC00a327 NOR 2004 A017 Or.00aEssential readings in world politics / a2nd ed. aNew York :bNorton,cc2004. aix, 483 p. ;c24 cm. 0aInternational relations. 0aWorld politics.1 aMingst, Karen A.,1 aSnyder, Jack L.